000 00420nam a2200193Ia 4500
001 12742
003 GE_BSU
008 181216s||||||||xx |||||||||||||| ||und||
040 _cGE_BSU
080 _a821.111-312.4
100 _aWalters, Minette
245 4 _aThe Devil's Feather
260 _aGreat Britain
260 _bBCA
260 _c2005
300 _a356p.20cm.
653 _aThe Devil's Feather
942 _cBK
999 _c45913
_d45913